Top 15 landen met Covid-19 sterfgevallen - 27 september - Statistieken

Algemene statistieken
  • Deze quiz is 2 keer genomen
  • De gemiddelde score is 10 van 20
Antwoordstatistieken
land % Correct
India
100%
Italië
100%
Spanje
100%
Verenigde Staten
100%
België
50%
Brazilië
50%
Chili
50%
Colombia
50%
Ecuador
50%
Frankrijk
50%
Mexico
50%
Peru
50%
Rusland
50%
Verenigd Koninkrijk
50%
Zweden
50%
Argentinië
0%
Bolivia
0%
Iran
0%
Panama
0%
Zuid-Afrika
0%
Geen overeenkomende quizzen gevonden
Scoreverdeling
Procent van Mensen met Elke Score
Percentiel versus Aantal Correcte Antwoorden
Uw Scoregeschiedenis
U heeft deze quiz nog niet genomen